[Event "SFR-ch Seniors"]
[Site "Kiselevsk"]
[Date "2010.10.13"]
[Round "3"]
[White "Morokov, Anatoliy"]
[Black "Gorokhov, Vladimir"]
[Result "0-1"]
[WhiteElo "1784"]
[BlackElo "1992"]
[PlyCount "72"]
[EventDate "2010.10.11"]
[EventType "swiss"]
[EventRounds "9"]
[EventCountry "RUS"]
[SourceTitle "EXT 2022"]
[Source "ChessBase"]
[SourceDate "2021.10.06"]
[SourceVersion "1"]
[SourceVersionDate "2021.10.06"]
[SourceQuality "1"]

1. Nc3 d5 2. f4 c5 3. d4 e6 4. g4 Qh4+ 5. Kd2 cxd4 6. Nb5 Na6 7. Nf3 Qxg4 8. Nfxd4 Qxf4+ 9. Kc3 Qe4 10. e3 Bd7 11. Bd3 Rc8+ 12. Kd2 Qg2+ 13. Ne2 Bc5 14. c3 Qf2 15. Kc2 e5 16. b4 Bxb4 17. Kb3 Be7 18. Nxa7 Nc5+ 19. Kb2 Na4+ 20. Kb3 Nc5+ 21. Kb2 Nxd3+ 22. Qxd3 Ra8 23. Nb5 Ra5 24. Nc7+ Kf8 25. Nxd5 Ba3+ 26. Kc2 Ba4+ 27. Kd2 Bd6 28. Nb6 Qf6 29. Rd1 Qe6 30. Ba3 Bxa3 31. Ke1 Be7 32. Nxa4 Rxa4 33. Rab1 Qc6 34. Ng3 g6 35. Rb2 Nf6 36. Rg2 Qxg2 0-1

[Event "Kemerovo-ch Seniors"]
[Site "Kemerovo"]
[Date "2008.05.22"]
[Round "10"]
[White "Gorokhov, Vladimir"]
[Black "Zimin, Ivan"]
[Result "0-1"]
[WhiteElo "2017"]
[BlackElo "2148"]
[PlyCount "36"]
[EventDate "2008.05.13"]
[EventType "tourn"]
[EventRounds "11"]
[EventCountry "RUS"]
[SourceTitle "EXT 2022"]
[Source "ChessBase"]
[SourceDate "2021.10.06"]
[SourceVersion "1"]
[SourceVersionDate "2021.10.06"]
[SourceQuality "1"]

1. e4 e5 2. Nf3 Qe7 3. Bc4 Nf6 4. Nc3 Nc6 5. 0-0 d6 6. d4 exd4 7. Nxd4 Be6 8. Bxe6 fxe6 9. f4 Nxd4 10. Qxd4 e5 11. fxe5 dxe5 12. Qa4+ c6 13. Bg5 Qc5+ 14. Kh1 Ng4 15. Bh4 Be7 16. h3 h5 17. hxg4 hxg4 18. Qb3 Rxh4# 0-1

[Event "Kuzbass-ch"]
[Site "Kemerovo"]
[Date "2007.12.22"]
[Round "9"]
[White "Siuniakov, Igor"]
[Black "Gorokhov, Vladimir"]
[Result "1-0"]
[WhiteElo "2286"]
[BlackElo "2017"]
[PlyCount "95"]
[EventDate "2007.12.16"]
[EventType "swiss"]
[EventRounds "9"]
[EventCountry "RUS"]
[SourceTitle "CBM 122 Extra"]
[Source "ChessBase"]
[SourceDate "2008.03.04"]
[SourceVersion "1"]
[SourceVersionDate "2008.03.04"]
[SourceQuality "1"]

1. Nf3 Nf6 2. d4 g6 3. c4 Bg7 4. g3 0-0 5. Bg2 d6 6. 0-0 Bg4 7. h3 Bf5 8. Nc3 Qc8 9. Kh2 h5 10. Nh4 Be6 11. b3 c5 12. d5 Bd7 13. Rb1 Nh7 14. Qd3 Na6 15. e4 Nb4 16. Qd2 g5 17. Nf3 g4 18. hxg4 hxg4 19. Nh4 Qe8 20. a3 Na6 21. Nf5 Bxf5 22. exf5 Be5 23. Rh1 f6 24. Kg1 Qf7 25. Rh4 Qg7 26. Nd1 Bd4 27. Qe2 Rf7 28. Bh6 Qh8 29. Be4 Rg7 30. Kg2 Kf7 31. Bc2 Nc7 32. b4 b6 33. Ba4 Qc8 34. Rxg4 Ng5 35. Rxg5 Rxg5 36. Bxg5 Qxf5 37. Bh4 Qxb1 38. Bc2 Qxc2 39. Qxc2 Rg8 40. Qa4 a6 41. Qc6 Na8 42. b5 axb5 43. cxb5 Be5 44. Ne3 Bb2 45. Nf5 Re8 46. Qd7 Kf8 47. g4 Bc1 48. Bxf6 1-0

[Event "Kemerovo op"]
[Site "Kemerovo"]
[Date "2007.07.27"]
[Round "8"]
[White "Gorokhov, Vladimir"]
[Black "Sinkin, Boris"]
[Result "0-1"]
[WhiteElo "2017"]
[BlackElo "1989"]
[PlyCount "88"]
[EventDate "2007.07.23"]
[EventType "swiss"]
[EventRounds "9"]
[EventCountry "RUS"]
[SourceTitle "EXT 2022"]
[Source "ChessBase"]
[SourceDate "2021.10.06"]
[SourceVersion "1"]
[SourceVersionDate "2021.10.06"]
[SourceQuality "1"]

1. e4 c5 2. Nf3 d6 3. d4 cxd4 4. Nxd4 a6 5. f4 Qc7 6. Be3 e6 7. Nc3 Be7 8. Qd2 Nf6 9. Be2 Bd7 10. h4 Nc6 11. g4 Nxd4 12. Bxd4 e5 13. Be3 Nxg4 14. f5 Nxe3 15. Qxe3 Bc6 16. 0-0-0 b5 17. Kb1 Rc8 18. Rd2 b4 19. Nd5 Bxd5 20. exd5 Qb7 21. Qb3 Rb8 22. Qa4+ Kf8 23. Bxa6 Qa7 24. Qc6 g6 25. f6 Bxf6 26. Qxd6+ Kg7 27. Bc4 Rhc8 28. Qa6 Qc7 29. Bb3 Rb6 30. Qf1 e4 31. Re2 Qe5 32. Qc1 Be7 33. Qe3 Bf6 34. Qc1 Bd8 35. h5 g5 36. h6+ Rxh6 37. Rxh6 Kxh6 38. Qh1+ Kg7 39. Rxe4 Qg3 40. Rxb4 Bf6 41. c3 Rxc3 42. Bc2 h6 43. Rb7 Re3 44. Qh5 Re1+ 0-1